| 000 | 00955nam0a22002291 4500 | ||
|---|---|---|---|
| 001 | v19\rc\2092919 | ||
| 005 | 20260407121937.0 | ||
| 035 | _a(NLR Aleph) 005163036 | ||
| 090 |
_a5003187 _c5003187 |
||
| 100 | _a20081218d1914 |||y0rusy50 ca | ||
| 101 | 0 | _arus | |
| 102 | _aRU | ||
| 105 | _ay z ||||| | ||
| 200 | 1 |
_aПравила для приема больных и раненых в госпитале, выписки, перевода и эвакуации их _eВыписка из 16 книги Свода военных постановлений 1869 г. Раздел 3, отд-ние 6-е |
|
| 210 |
_aРостов-на-Дону _cт-во "Печатня С.П. Яковлева" _d1914 |
||
| 215 | _a1 с. | ||
| 740 | 1 |
_aРоссия _tВоенные уставы и наставления _3RU\NLR\AUTH\889957977 _9412039 |
|
| 801 | 0 |
_aRU _bNLR _gpsbo |
|
| 801 | 1 |
_aRU _bProSoft-M _2rusmarc |
|
| 852 |
_aNLR _j37.74.1.122 |
||
| 942 | _cBOOK | ||
| 980 | _aNB | ||